header

Double Fudge (Record no. 263454)

MARC details
000 -LEADER
fixed length control field 00230nam a22001097a 4500
020 ## - INTERNATIONAL STANDARD BOOK NUMBER
ISBN 043958549-X
100 ## - MAIN ENTRY--AUTHOR NAME
Personal name Judy Blume.
245 ## - TITLE STATEMENT
Title Double Fudge
250 ## - EDITION STATEMENT
Edition statement 1st ed.
260 ## - PUBLICATION, DISTRIBUTION, ETC. (IMPRINT)
Place of publication New York
Name of publisher Scholastic
Year of publication 2002
942 ## - ADDED ENTRY ELEMENTS (KOHA)
Koha item type Long Loan Books
Holdings
Withdrawn status Lost status Collection code Home library Current library Shelving location Date acquired Accession Number Koha item type
    Fiction Rongo University Library Rongo University Library Children's Area 11/04/2024 CL2021639 Long Loan Books

© 2026 Rongo University
Contact us: librarian | system librarian | Rongo university